Siyasal partiler ve Türkiye'de parti yasakları (Record no. 7621)

MARC details
000 -BAŞLIK
Sabit Uzunlukta Kontrol Alanı 00815na a2200253 4500
001 - KONTROL NUMARASI
Denetim Alanı 18500
003 - KONTROL NUMARASI IDENTIFIER
Denetim Alanı MIRAKIL
005 - SON İŞLEM TARİHİ VE ZAMANI
Denetim Alanı 20181213155145.0
008 - SABİT-BOY VERİ ELEMANLARI - GENEL BİLGİLER
Sabit Uzunlukta Kontrol Alanı 161121b tu 000 0
020 ## - ULUSLARARASI STANDART KİTAP NUMARASI
Uluslararası Standart Kitap Numarası 9756486198
035 ## - SİSTEM KONTROL NUMARASI
Sistem Kontrol Numarası 18500
040 ## - KATALOGLAMA KAYNAK
Orijinal Kataloglama Ajansı Milas
Kataloglama Dili tur
Metne Dönüştürmek Ajansı TR-AnCHP
041 ## - DİL KODU
Metin / Ses Parça Veya Ayrı Başlığın Dil Kodu tur
082 ## - DEWEY ONLU SINIFLANDIRMA NUMARASI
Sınıflandırma Numarası 324.209561
Ürün Numarası K61s 2002
090 ## - SINIFLAMA NUMARASI
Sınıflama Numarası 324.209561 K61s 2002
100 ## - ANA GİRİŞ - KİŞİSEL İSİM
Kişisel Ad Koçak, Mustafa
245 ## - BAŞLIK TABLOSU
Başlık Siyasal partiler ve Türkiye'de parti yasakları
Başlığın Kalan Anayasa Mahkemesi ve İnsan Hakları Avrupa Mahkemesi örnek kararları
Sorumluluk Tablosu, Vb Mustafa Koçak
246 ## - UNVAN FORM VARYING
Başlık Doğru / Kısa Başlığı Anayasa Mahkemesi ve İnsan Hakları Avrupa Mahkemesi örnek kararları
260 ## - YAYIN, DAĞITIM, VB
Yayın, Dağıtım, Vb Yeri Ankara
Yayıncı, Dağıtıcı, Vs Adı Turhan Kitabevi
Yayın, Dağıtım, Vb Tarihi 2002
300 ## - FİZİKSEL TANIM
Kapsam 285 s.
Boyutlar 20 sm.
650 ## - KONU KATMA GİRİŞ - TOPİKAL DÖNEM
Topikal Süreli Veya Coğrafi Ad Giriş Elemanı Siyasal partiler
Coğrafi Alt Bölümü Türkiye
650 ## - KONU KATMA GİRİŞ - TOPİKAL DÖNEM
Topikal Süreli Veya Coğrafi Ad Giriş Elemanı Parti yasaklama
Coğrafi Alt Bölümü Türkiye
942 ## - EKLENDİ GİRİŞ ELEMANLARI (KOHA)
Sınıflandırma Veya Raf Düzeni Kaynak
Koha Öğesi Türü Books
999 ## - SİSTEM KONTROL NUMARALARI (KOHA)
Koha Biblionumber 7621
Koha Biblioitemnumber 7621
Holdings
Kalıcı Konum Mevcut Konum Edinme Tarihi Edinim Kaynak Toplam Check-Out'Lar Tam Çağrı Numarası Barkod Tarih Son Görülme İtibaren Geçerli Fiyatlar Koha Öğesi Türü
CHP Kütüphanesi CHP Kütüphanesi 11/21/2016 Bağış   324.209561 K61s 2002 008799 11/21/2016 11/21/2016 Books